000 00771cab a2200277 4500
001 WB2844-16
008 090401t1992 xxu||||| |||| 00| 0 eng d
035 _a(Sirsi) u59550
041 _aeng
245 _aEmpty spaces study
260 _c1992
350 _a0
490 _aDOE Press Release
_v(724) 9 November 1992 (1)
520 _aThe RICS has received a government grant of £10 000 to research the feasability of converting empty space over shops into residential accommodation.
650 _aEMPTY PROPERTY
650 _aFUNDING
650 _aGRANTS
650 _aJO
650 _aABOUT RICS-RICS JUNIOR ORGANISATION
650 _aRICS
650 _aSHOPS
650 _aSPARE SPACE
690 _aHOUSING
942 _n0
948 _c04/03/1997
999 _c36545
_d36545